<?xml version="1.0" encoding="UTF-8"?>
<record
    xmlns:xsi="http://www.w3.org/2001/XMLSchema-instance"
    xsi:schemaLocation="http://www.loc.gov/MARC21/slim http://www.loc.gov/standards/marcxml/schema/MARC21slim.xsd"
    xmlns="http://www.loc.gov/MARC21/slim">

  <leader>01668nam a2200325uu 4500</leader>
  <controlfield tag="001">1512255</controlfield>
  <controlfield tag="005">20260508093117.0</controlfield>
  <controlfield tag="007">co|||||||</controlfield>
  <controlfield tag="008">181121s2018                        spa  </controlfield>
  <datafield tag="035" ind1=" " ind2=" ">
    <subfield code="a">1512255</subfield>
  </datafield>
  <datafield tag="040" ind1=" " ind2=" ">
    <subfield code="c">comduadb</subfield>
  </datafield>
  <datafield tag="041" ind1=" " ind2=" ">
    <subfield code="a">spa</subfield>
  </datafield>
  <datafield tag="082" ind1=" " ind2="4">
    <subfield code="a">307</subfield>
  </datafield>
  <datafield tag="100" ind1="1" ind2="0">
    <subfield code="a">Mejia Giraldo, Amarilla</subfield>
    <subfield code="4">aut</subfield>
    <subfield code="e">aut</subfield>
    <subfield code="9">776563</subfield>
  </datafield>
  <datafield tag="245" ind1="1" ind2="0">
    <subfield code="a">Espacios piel, arquitecturas del deseo : escenograf&#xED;as urbanas. Una mirada esc&#xE9;nica sobre el espacio p&#xFA;blico en el Parque Berr&#xED;o (entre las carreras 50 - 51 y las calles 50-51), sus transe&#xFA;ntes y habitantes como actores sociales</subfield>
  </datafield>
  <datafield tag="260" ind1=" " ind2=" ">
    <subfield code="a">Medell&#xED;n :</subfield>
    <subfield code="b">Autor(a),</subfield>
    <subfield code="c">2018.</subfield>
  </datafield>
  <datafield tag="300" ind1=" " ind2=" ">
    <subfield code="a">CD-ROM</subfield>
  </datafield>
  <datafield tag="520" ind1="3" ind2=" ">
    <subfield code="a">RESUMEN : El trabajo de grado "Espacios piel, arquitecturas del deseo" indaga en el espacio p&#xFA;blico desde una mirada esc&#xE9;nica, observando c&#xF3;mo la arquitectura urbana y sus caracter&#xED;sticas influencian a aquellos que lo habitan, determinando sus comportamientos sociales, convirtiendo as&#xED; el parque en espacio esc&#xE9;nico, los vol&#xFA;menes y luminarias en complementos escenogr&#xE1;ficos, los ciudadanos en actores y las situaciones cotidianas en vitrinas que exponen un sin n&#xFA;mero de m&#xE1;scaras sociales.</subfield>
  </datafield>
  <datafield tag="650" ind1=" " ind2=" ">
    <subfield code="a">Antropologia urbana - Medellin</subfield>
    <subfield code="9">11739</subfield>
  </datafield>
  <datafield tag="650" ind1=" " ind2=" ">
    <subfield code="a">Parque de Berr&#xED;o - Medell&#xED;n (Antioquia, Colombia)</subfield>
    <subfield code="9">67188</subfield>
  </datafield>
  <datafield tag="650" ind1=" " ind2=" ">
    <subfield code="a">Espacio p&#xFA;blico - Medell&#xED;n (Antioquia, Colombia)</subfield>
    <subfield code="9">13004</subfield>
  </datafield>
  <datafield tag="650" ind1=" " ind2="7">
    <subfield code="a">Espacio urbano</subfield>
    <subfield code="2">lemb</subfield>
    <subfield code="9">141032</subfield>
  </datafield>
  <datafield tag="650" ind1=" " ind2=" ">
    <subfield code="a">Espacio esc&#xE9;nico</subfield>
    <subfield code="9">168945</subfield>
  </datafield>
  <datafield tag="650" ind1=" " ind2=" ">
    <subfield code="a">Teatro y ciudad</subfield>
    <subfield code="9">171801</subfield>
  </datafield>
  <datafield tag="650" ind1=" " ind2="7">
    <subfield code="a">Escenograf&#xED;a</subfield>
    <subfield code="2">lemb</subfield>
    <subfield code="9">8301</subfield>
  </datafield>
  <datafield tag="700" ind1="1" ind2="0">
    <subfield code="a">Sorge Radovani, Lavina Sabina</subfield>
    <subfield code="4">ths</subfield>
    <subfield code="e">ths</subfield>
    <subfield code="9">355734</subfield>
  </datafield>
  <datafield tag="942" ind1=" " ind2=" ">
    <subfield code="c">TESIS</subfield>
  </datafield>
  <datafield tag="999" ind1=" " ind2=" ">
    <subfield code="c">787667</subfield>
    <subfield code="d">787667</subfield>
  </datafield>
  <datafield tag="502" ind1=" " ind2=" ">
    <subfield code="b">29</subfield>
    <subfield code="c">7</subfield>
  </datafield>
  <datafield tag="526" ind1=" " ind2=" ">
    <subfield code="a">29</subfield>
  </datafield>
  <datafield tag="952" ind1=" " ind2=" ">
    <subfield code="0">0</subfield>
    <subfield code="1">0</subfield>
    <subfield code="4">0</subfield>
    <subfield code="7">0</subfield>
    <subfield code="8">GENERAL</subfield>
    <subfield code="a">CEDEA</subfield>
    <subfield code="b">CEDEA</subfield>
    <subfield code="d">2018-11-21</subfield>
    <subfield code="e">Material adquirido por donaci&#xF3;n</subfield>
    <subfield code="i">C1300450</subfield>
    <subfield code="l">1</subfield>
    <subfield code="o">T/0215 2018 CD-ROM</subfield>
    <subfield code="p">810919</subfield>
    <subfield code="r">2023-10-19 00:00:00</subfield>
    <subfield code="s">2023-10-10</subfield>
    <subfield code="t">1</subfield>
    <subfield code="w">2023-05-04</subfield>
    <subfield code="y">DIGITAL</subfield>
  </datafield>
  <datafield tag="952" ind1=" " ind2=" ">
    <subfield code="0">0</subfield>
    <subfield code="1">0</subfield>
    <subfield code="4">0</subfield>
    <subfield code="7">0</subfield>
    <subfield code="8">TESDIGBC</subfield>
    <subfield code="a">BC</subfield>
    <subfield code="b">BC</subfield>
    <subfield code="d">2019-03-07</subfield>
    <subfield code="e">Material adquirido por donaci&#xF3;n</subfield>
    <subfield code="i">C1307579</subfield>
    <subfield code="l">0</subfield>
    <subfield code="o">307.342 M516 CD-ROM</subfield>
    <subfield code="p">01048834</subfield>
    <subfield code="r">2023-05-04 00:00:00</subfield>
    <subfield code="t">2</subfield>
    <subfield code="w">2023-05-04</subfield>
    <subfield code="y">DIGITAL</subfield>
  </datafield>
</record>
